[Event "Stare Mesto 2021"]
[Site "?"]
[Date "2021.08.13"]
[Round "1.1"]
[White "Kraus, Tomas"]
[Black "Delgerdalai, Bayarjavkhlan"]
[Result "1-0"]
[WhiteElo "2468"]
[BlackElo "1876"]
[PlyCount "65"]
[EventDate "2021.??.??"]

1. c4 Nf6 2. Nc3 d5 3. cxd5 Nxd5 4. Nf3 g6 5. Qa4+ c6 6. Nxd5 Qxd5 7. e4 Qd8 8.
d4 Bg7 9. Be2 O-O 10. O-O Bg4 11. Rd1 Nd7 12. Be3 Nb6 13. Qb3 e6 14. a4 Qe7 15.
a5 Nc8 16. Bg5 Qc7 17. a6 bxa6 18. Rxa6 Rb8 19. Qc2 Qb7 20. Ra2 Qb3 21. Qb1
Bxf3 22. Bxf3 Qb5 23. Bf4 e5 24. dxe5 Bxe5 25. Be2 Qxe2 26. Bxe5 Rb5 27. Bf6 a5
28. b3 Qg4 29. Rad2 Qe6 30. Qa1 Qxe4 31. Rd8 Rd5 32. Rxf8+ Kxf8 33. Re1 1-0

[Event "Stare Mesto 2021"]
[Site "?"]
[Date "2021.08.13"]
[Round "1.2"]
[White "Vaculik, Martin"]
[Black "Zpevak, Pavel"]
[Result "0-1"]
[WhiteElo "1862"]
[BlackElo "2350"]
[PlyCount "66"]
[EventDate "2021.??.??"]

1. d4 Nf6 2. c4 e6 3. Nc3 Bb4 4. Nf3 O-O 5. Bg5 d6 6. e4 e5 7. Rc1 h6 8. Bxf6
Qxf6 9. a3 Bxc3+ 10. Rxc3 Nc6 11. d5 Ne7 12. Nd2 Qg6 13. g3 f5 14. Bg2 fxe4 15.
Nxe4 Nf5 16. O-O Nd4 17. Re3 Bg4 18. f3 Bd7 19. c5 Bb5 20. Rf2 Bc4 21. cxd6
cxd6 22. Nc3 Rac8 23. Bf1 Bxf1 24. Qxf1 Rc7 25. Nb5 Nxb5 26. Qxb5 Qf7 27. b4
Rfc8 28. f4 Rc1+ 29. Kg2 exf4 30. Rxf4 R8c2+ 31. Kh3 Qh5+ 32. Rh4 Qf5+ 33. g4
Rxh2+ 0-1

[Event "Stare Mesto 2021"]
[Site "?"]
[Date "2021.08.13"]
[Round "1.3"]
[White "Svanda, Ondrej"]
[Black "Stehlik, Jiri"]
[Result "1-0"]
[WhiteElo "2312"]
[BlackElo "1847"]
[PlyCount "55"]
[EventDate "2021.??.??"]

1. e4 c5 2. Nf3 Nc6 3. Bb5 g6 4. O-O Bg7 5. c3 Nf6 6. Re1 O-O 7. d4 cxd4 8.
cxd4 d6 9. Nc3 Bg4 10. Be3 a6 11. Be2 b5 12. h3 Bxf3 13. Bxf3 e5 14. d5 Ne7 15.
b4 Nd7 16. a4 bxa4 17. Rxa4 Nb6 18. Ra2 Qc7 19. Na4 Nxa4 20. Qxa4 Qb7 21. Be2
Rfb8 22. Rb1 a5 23. b5 Nc8 24. b6 Bf6 25. Rc2 Ne7 26. Bb5 Rc8 27. Bc6 Qa6 28.
b7 1-0

[Event "Stare Mesto 2021"]
[Site "?"]
[Date "2021.08.13"]
[Round "1.4"]
[White "Vicar, Lubomir"]
[Black "Husek, Martin"]
[Result "0-1"]
[WhiteElo "1826"]
[BlackElo "2241"]
[PlyCount "112"]
[EventDate "2021.??.??"]

1. d4 Nf6 2. Nf3 e6 3. Bf4 d5 4. e3 c5 5. Bb5+ Bd7 6. Bxd7+ Nbxd7 7. c3 Be7 8.
O-O O-O 9. Nbd2 b5 10. Ne5 Nxe5 11. Bxe5 b4 12. Bxf6 Bxf6 13. dxc5 bxc3 14.
bxc3 Qc7 15. Rc1 Rfd8 16. Qc2 Qxc5 17. c4 Rac8 18. Qa4 Bb2 19. Rc2 Be5 20. Rfc1
d4 21. Nb3 Qc7 22. Nxd4 Bxh2+ 23. Kh1 Be5 24. Nf3 Qc5 25. Nxe5 Qxe5 26. Qb5 Rc5
27. Qb1 Qe4 28. Kg1 Rg5 29. f4 Qxe3+ 30. Rf2 Rh5 31. Rd1 Rc8 32. Qb7 Qc5 33.
Rd7 Rf5 34. Qxa7 Qxc4 35. Qd4 h5 36. Rd8+ Kh7 37. Qxc4 Rxc4 38. g3 Rc3 39. Kg2
Ra5 40. Rd7 Kg6 41. Rd6 Kf5 42. Rb6 Raa3 43. Rb5+ Kg6 44. f5+ exf5 45. Rbxf5
Rxg3+ 46. Kh2 f6 47. Rb5 Rh3+ 48. Kg2 Rag3+ 49. Kf1 Rh1+ 50. Ke2 Ra3 51. Rb2
Ra1 52. Rg2+ Kh6 53. Rb7 R3xa2+ 54. Kf3 Rf1+ 55. Kg3 h4+ 56. Kh2 Rxg2+ 0-1

[Event "Stare Mesto 2021"]
[Site "?"]
[Date "2021.08.13"]
[Round "1.5"]
[White "Slovak, Kilian"]
[Black "Kasparek, Ondrej"]
[Result "1-0"]
[WhiteElo "2209"]
[BlackElo "1789"]
[PlyCount "71"]
[EventDate "2021.??.??"]

1. e4 e5 2. Nf3 Nc6 3. Bb5 a6 4. Ba4 Nf6 5. O-O Nxe4 6. d4 b5 7. Bb3 d5 8. dxe5
Be6 9. Nbd2 Nc5 10. c3 Nxb3 11. Nxb3 Be7 12. Nbd4 Nxd4 13. Nxd4 O-O 14. f4 Bd7
15. f5 c5 16. Nc2 Kh8 17. Qxd5 Rc8 18. Be3 Bc6 19. Qxd8 Rfxd8 20. f6 gxf6 21.
exf6 Rg8 22. g3 Bd6 23. Bf4 Rcd8 24. Bxd6 Rxd6 25. Rad1 Rgd8 26. Ne3 Rxd1 27.
Rxd1 Rxd1+ 28. Nxd1 h6 29. Ne3 Be4 30. Ng4 Kh7 31. Ne5 Kg8 32. Kf2 b4 33. Ke3
Bb1 34. a3 bxa3 35. bxa3 Bc2 36. Nd7 1-0

[Event "Stare Mesto 2021"]
[Site "?"]
[Date "2021.08.13"]
[Round "1.6"]
[White "Janek, Jiri"]
[Black "Sramek, Vojtech"]
[Result "0-1"]
[WhiteElo "1782"]
[BlackElo "2203"]
[PlyCount "70"]
[EventDate "2021.??.??"]

1. e4 c5 2. Nf3 d6 3. d4 cxd4 4. Nxd4 Nf6 5. Nc3 g6 6. Be3 Bg7 7. Bc4 O-O 8. f3
Nc6 9. Qd2 Bd7 10. O-O Rc8 11. Nxc6 Bxc6 12. Bb3 a6 13. a4 Nd7 14. a5 Nc5 15.
Bc4 b5 16. axb6 Qxb6 17. Rfb1 a5 18. Na4 Bxa4 19. Rxa4 Bh6 20. Ra3 Nxe4 21.
Bxf7+ Rxf7 22. fxe4 Bxe3+ 23. Qxe3 Qxe3+ 24. Rxe3 Rxc2 25. Rf3 Rxf3 26. gxf3
Kf7 27. b4 axb4 28. Rxb4 Kf6 29. Rb7 h5 30. h4 e6 31. Rd7 Ke5 32. Rg7 Kf6 33.
Rd7 Rd2 34. f4 Rd4 35. Rxd6 Rxe4 0-1

[Event "Stare Mesto 2021"]
[Site "?"]
[Date "2021.08.13"]
[Round "1.7"]
[White "Vybiral, Zdenek"]
[Black "Blazek, Matej"]
[Result "1-0"]
[WhiteElo "2184"]
[BlackElo "1743"]
[PlyCount "55"]
[EventDate "2021.??.??"]

1. c4 e5 2. Nc3 Nc6 3. Nf3 f5 4. g3 d6 5. d4 e4 6. Nh4 Be7 7. Ng2 Bf6 8. Be3 g6
9. f3 exf3 10. exf3 Nge7 11. d5 Ne5 12. f4 Ng4 13. Bd4 O-O 14. Be2 Bxd4 15.
Qxd4 Nf6 16. O-O Bd7 17. Bf3 a6 18. Rad1 Qe8 19. Rfe1 Qf7 20. c5 Nc8 21. c6
bxc6 22. dxc6 Be6 23. Ne3 Nb6 24. b4 Rfe8 25. a4 Bb3 26. Rb1 Kf8 27. a5 Na4 28.
Rxb3 1-0

[Event "Stare Mesto 2021"]
[Site "?"]
[Date "2021.08.13"]
[Round "1.8"]
[White "Travnicek, Jaroslav"]
[Black "Lajbl, Jan"]
[Result "0-1"]
[WhiteElo "1743"]
[BlackElo "2176"]
[PlyCount "58"]
[EventDate "2021.??.??"]

1. e4 e6 2. d4 d5 3. Nd2 Be7 4. Ngf3 Nf6 5. Bd3 c5 6. c3 Nc6 7. e5 Nd7 8. O-O
g5 9. Bb5 cxd4 10. cxd4 g4 11. Ne1 Nxd4 12. Bxd7+ Bxd7 13. Qxg4 Nf5 14. Nef3
Bb5 15. Re1 Qb6 16. Nb3 O-O-O 17. Nbd4 Rhg8 18. Qf4 Nxd4 19. Qxd4 Bc5 20. Qc3
d4 21. Qc2 d3 22. Qc3 Bc6 23. Be3 Bxf3 24. Bxc5 Rxg2+ 25. Kf1 Rg1+ 26. Kxg1
Rg8+ 27. Kf1 Bg2+ 28. Kg1 Bh3+ 29. Kh1 Qc6+ 0-1

[Event "Stare Mesto 2021"]
[Site "?"]
[Date "2021.08.13"]
[Round "1.9"]
[White "Babula, Vlastimil"]
[Black "Burita, Dobroslav"]
[Result "1-0"]
[WhiteElo "2167"]
[BlackElo "1712"]
[PlyCount "51"]
[EventDate "2021.??.??"]

1. e4 c5 2. Nf3 d6 3. d4 cxd4 4. Nxd4 Nf6 5. Nc3 a6 6. Bc4 e6 7. Bb3 Be7 8. g4
Nc6 9. Rg1 Qc7 10. Be3 b5 11. g5 Nd7 12. Bxe6 Nxd4 13. Bxd7+ Bxd7 14. Qxd4 Rg8
15. Nd5 Qd8 16. O-O-O Be6 17. Bf4 Rc8 18. Nxe7 Qxe7 19. Bxd6 Qd7 20. f4 Rc4 21.
Qd3 Qc8 22. f5 Bd7 23. Rd2 Bc6 24. Qg3 Rxe4 25. Bc7 Qxf5 26. Rd8+ 1-0

[Event "Stare Mesto 2021"]
[Site "?"]
[Date "2021.08.13"]
[Round "1.10"]
[White "Oharek, Vlastimil"]
[Black "Kostka, Vit"]
[Result "0-1"]
[WhiteElo "1688"]
[BlackElo "2145"]
[PlyCount "130"]
[EventDate "2021.??.??"]

1. d4 Nf6 2. c4 g6 3. Nc3 Bg7 4. e4 d6 5. Nf3 O-O 6. Be2 e5 7. dxe5 dxe5 8. O-O
Nc6 9. Be3 Bg4 10. h3 Bxf3 11. Bxf3 Nd4 12. Nd5 Nd7 13. b4 c6 14. Nc3 Qe7 15.
Rb1 Rad8 16. Be2 Nb6 17. Qc1 Qe6 18. c5 Nc4 19. Bg4 f5 20. exf5 gxf5 21. Bh5
Kh8 22. Re1 Nxe3 23. fxe3 Bh6 24. Qb2 Nb5 25. Nxb5 cxb5 26. Bf3 Rf7 27. Rbd1
Rxd1 28. Bxd1 Rg7 29. Bb3 Qg6 30. Re2 Qg3 31. Qd2 Bg5 32. Be6 f4 33. exf4 Qxf4
34. Qxf4 Bxf4 35. Re4 Re7 36. Bb3 Kg7 37. Kf2 Kf6 38. g3 Bc1 39. Re1 Ba3 40.
Re4 Rd7 41. Rh4 a5 42. Rh6+ Kg5 43. Rb6 Bxb4 44. Rxb5 Kf5 45. Bc2+ Ke6 46. Kf3
Rc7 47. Bb3+ Kd7 48. Ke4 Bxc5 49. Kxe5 b6 50. Kf5 Kd6 51. g4 Re7 52. Bg8 Rg7
53. Bc4 h6 54. Rb1 Bd4 55. Bb3 b5 56. Re1 a4 57. Re6+ Kc5 58. Bd1 Rf7+ 59. Ke4
Rf2 60. Rxh6 Rxa2 61. Rh5+ Kc4 62. Rd5 Rd2 63. Bf3 a3 64. Rd7 a2 65. Rc7+ Bc5
0-1

[Event "Stare Mesto 2021"]
[Site "?"]
[Date "2021.08.13"]
[Round "1.11"]
[White "Kapusta, Petr"]
[Black "Hradek, Matyas"]
[Result "1-0"]
[WhiteElo "2145"]
[BlackElo "1645"]
[PlyCount "79"]
[EventDate "2021.??.??"]

1. e4 e5 2. Nf3 Nc6 3. Nc3 Nf6 4. Bb5 Bd6 5. d3 h6 6. Ne2 O-O 7. O-O Re8 8. c3
a6 9. Ba4 b5 10. Bb3 Bb7 11. Ng3 Ne7 12. Nh4 c5 13. Qf3 Nc6 14. Nh5 Be7 15.
Nxg7 Kxg7 16. Nf5+ Kh8 17. Bxh6 c4 18. dxc4 Na5 19. Bg7+ Kg8 20. Qh3 Nh7 21.
Qg4 Bg5 22. h4 Nxb3 23. axb3 Bxe4 24. Qxe4 Bxh4 25. Nxh4 Kxg7 26. Nf5+ Kg8 27.
cxb5 d5 28. Qg4+ Qg5 29. Qxg5+ Nxg5 30. bxa6 Ne6 31. Rfd1 Nc7 32. a7 Red8 33.
Ra5 Kf8 34. b4 Rd7 35. b5 Ne6 36. b6 Rb7 37. Rb5 Nc7 38. Rb4 Na6 39. Rh4 Kg8
40. Rh6 1-0

[Event "Stare Mesto 2021"]
[Site "?"]
[Date "2021.08.13"]
[Round "1.12"]
[White "Setina, Vaclav"]
[Black "Shanel, Jaroslav"]
[Result "0-1"]
[WhiteElo "1607"]
[BlackElo "2135"]
[PlyCount "68"]
[EventDate "2021.??.??"]

1. e4 e5 2. Nf3 Nc6 3. Bc4 d6 4. O-O Be7 5. Nc3 Bg4 6. h3 Bh5 7. Ne2 Bxf3 8.
gxf3 Qd7 9. Kh2 f5 10. d4 Bf6 11. c3 Nge7 12. Bb5 a6 13. Ba4 b5 14. Bc2 O-O 15.
dxe5 Nxe5 16. Ng3 f4 17. Bxf4 N7g6 18. Be3 Nh4 19. Qd5+ Kh8 20. Bd1 c6 21. Qb3
Nexf3+ 22. Bxf3 Nxf3+ 23. Kg2 Be5 24. Nf5 Rxf5 25. exf5 Qxf5 26. Qb4 h5 27.
Rfd1 a5 28. Qb3 Rf8 29. a4 Qe4 30. Kf1 Nh2+ 31. Ke2 Rxf2+ 32. Kxf2 Qf3+ 33. Kg1
Qxe3+ 34. Kh1 Qf3+ 0-1

[Event "Stare Mesto 2021"]
[Site "?"]
[Date "2021.08.13"]
[Round "1.13"]
[White "Horvath, Tomas"]
[Black "Bata, Jiri"]
[Result "1-0"]
[WhiteElo "2080"]
[BlackElo "1593"]
[PlyCount "71"]
[EventDate "2021.??.??"]

1. e4 e5 2. f4 d5 3. exd5 e4 4. d3 Qxd5 5. dxe4 Qxe4+ 6. Ne2 Nc6 7. Nd2 Qe6 8.
Nf3 Bc5 9. c3 Nf6 10. b4 Bb6 11. b5 Na5 12. Nfd4 Qe7 13. g3 Bd7 14. Qd3 O-O 15.
Bg2 Rad8 16. O-O c5 17. bxc6 Nxc6 18. Kh1 Rfe8 19. Bd2 Nxd4 20. Nxd4 Bxd4 21.
cxd4 b6 22. Rae1 Qd6 23. Bc3 Nd5 24. Bb2 Nc7 25. Re5 a6 26. Rfe1 Bc6 27. d5 Bb5
28. Qc3 f6 29. Ba3 Qd7 30. Re7 Rxe7 31. Rxe7 Qg4 32. h3 Qd1+ 33. Re1 Qd3 34.
Qxc7 Rd7 35. Qc8+ Kf7 36. Qe8# 1-0

[Event "Stare Mesto 2021"]
[Site "?"]
[Date "2021.08.13"]
[Round "1.14"]
[White "Blazek, Tomas"]
[Black "Bosak, Jan"]
[Result "0-1"]
[WhiteElo "1591"]
[BlackElo "2076"]
[PlyCount "86"]
[EventDate "2021.??.??"]

1. e4 e6 2. d3 d5 3. Nd2 c5 4. g3 Nc6 5. Bg2 Nf6 6. Ngf3 Be7 7. O-O O-O 8. e5
Nd7 9. Re1 Qc7 10. Qe2 b5 11. h4 Bb7 12. c3 a5 13. Nf1 d4 14. N1h2 a4 15. Ng4
a3 16. Ng5 axb2 17. Bxb2 dxc3 18. Bxc3 b4 19. Bb2 Nd4 20. Bxd4 cxd4 21. Be4
Bxg5 22. hxg5 Rfc8 23. Kh2 Nc5 24. Bxb7 Qxb7 25. Rh1 Ra3 26. Nf6+ Kf8 27. Nxh7+
Ke7 28. Qh5 Rxd3 29. g6 Qf3 30. Qxf3 Rxf3 31. Kg2 Ra3 32. gxf7 Kxf7 33. Ng5+
Kg6 34. Nf3 d3 35. Rab1 Rxa2 36. Rxb4 Rd8 37. Rd1 d2 38. Rd4 Rxd4 39. Nxd4 Ne4
40. Nf3 Kf5 41. Nd4+ Kxe5 42. Nb3 Rb2 43. f3 Rxb3 0-1

[Event "Stare Mesto 2021"]
[Site "?"]
[Date "2021.08.13"]
[Round "1.15"]
[White "Travnicek, Krystof Mikulas"]
[Black "Vodak, Vojtech"]
[Result "1-0"]
[WhiteElo "2072"]
[BlackElo "1587"]
[PlyCount "85"]
[EventDate "2021.??.??"]

1. c4 e6 2. Nc3 d5 3. d4 c6 4. cxd5 exd5 5. Nf3 Nf6 6. Bg5 Be7 7. Qc2 h6 8. Bh4
Nbd7 9. e3 Qc7 10. Bd3 O-O 11. O-O Re8 12. Rab1 b6 13. Bg3 Bd6 14. Nb5 cxb5 15.
Qxc7 Bxc7 16. Bxc7 a6 17. Ne5 Bb7 18. Nxd7 Nxd7 19. Bf5 Bc8 20. Rfc1 Nf6 21.
Bxc8 Rexc8 22. Bxb6 Nd7 23. Ba5 Rab8 24. f3 f5 25. Bd2 Nf6 26. Rc5 Rxc5 27.
dxc5 Rc8 28. Rc1 Rc6 29. b4 h5 30. Bc3 Kf7 31. Rd1 Ke6 32. Bxf6 gxf6 33. Rd4
Rc7 34. Rh4 Rh7 35. g4 fxg4 36. fxg4 f5 37. Rxh5 Rg7 38. g5 Ke5 39. h4 f4 40.
Kf2 fxe3+ 41. Kxe3 d4+ 42. Kd3 Rf7 43. g6+ 1-0

[Event "Stare Mesto 2021"]
[Site "?"]
[Date "2021.08.13"]
[Round "1.16"]
[White "Beinhauer, Bernard"]
[Black "Nemec, David"]
[Result "0-1"]
[WhiteElo "1575"]
[BlackElo "2055"]
[PlyCount "44"]
[EventDate "2021.??.??"]

1. e4 d6 2. d4 Nf6 3. Nc3 Nbd7 4. Nf3 e5 5. g4 Nxg4 6. Rg1 Ngf6 7. Bc4 exd4 8.
Qxd4 Nb6 9. Bb3 Bg4 10. Qd3 Qe7 11. Bg5 Bd7 12. O-O-O O-O-O 13. Rge1 Bg4 14.
Nd5 Nbxd5 15. exd5 Qd7 16. Qe3 Kb8 17. Bxf6 gxf6 18. Rd4 h5 19. Kb1 Bh6 20. Qc3
Qf5 21. Re7 Rd7 22. Rde4 Qxf3 0-1

[Event "FIDE OPEN Stare Mesto 2021 A"]
[Site "Stare Mesto, CZE"]
[Date "2021.08.13"]
[Round "1.17"]
[White "Vrtal, Jaroslav"]
[Black "Zadrapa, Jakub"]
[Result "1-0"]
[WhiteElo "2037"]
[BlackElo "1570"]
[PlyCount "91"]
[EventDate "2021.08.13"]

1. d4 d5 2. Nf3 Nf6 3. g3 e6 4. Bg2 Bd6 5. O-O O-O 6. b3 c5 7. Bb2 Bd7 8. dxc5
Bxc5 9. Nbd2 Bc6 10. Ne5 Nbd7 11. Nxc6 bxc6 12. c4 a5 13. Nf3 Qe7 14. Nd4 Rfc8
15. Qc2 a4 16. e3 Nf8 17. h3 Ng6 18. Rac1 Qa7 19. Nxc6 Rxc6 20. Bxf6 gxf6 21.
cxd5 Rc7 22. dxe6 Rac8 23. exf7+ Kxf7 24. bxa4 Kg7 25. Qb3 Ne5 26. Kh2 Rb8 27.
Qe6 Re7 28. Qf5 Ba3 29. Rb1 Rd8 30. Rfd1 Rxd1 31. Rxd1 Qxa4 32. Rd4 Qa7 33. h4
Bc5 34. Rf4 Qb6 35. Bd5 Qd6 36. Bb3 Bb6 37. Ra4 Qc6 38. e4 Qc3 39. h5 Nf3+ 40.
Kg2 Ng5 41. Rc4 Qd2 42. h6+ Kf8 43. Rc8+ Bd8 44. Qxf6+ Nf7 45. Bxf7 Qd3 46.
Qg7# 1-0

[Event "FIDE OPEN Stare Mesto 2021 A"]
[Site "Stare Mesto, CZE"]
[Date "2021.08.13"]
[Round "1.18"]
[White "Babula, Matej"]
[Black "Sudrich, Radek"]
[Result "0-1"]
[WhiteElo "1537"]
[BlackElo "2033"]
[PlyCount "40"]
[EventDate "2021.08.13"]

1. e4 e5 2. Nf3 Nc6 3. Bc4 Nf6 4. d3 Bc5 5. O-O d6 6. c3 Bg4 7. Qb3 O-O 8.
Bxf7+ Rxf7 9. Ng5 Qe8 10. Nxf7 Qxf7 11. Qxb7 Rf8 12. Qxc6 Be2 13. b4 Bb6 14. c4
Bd4 15. Re1 Bxd3 16. Nd2 Bxf2+ 17. Kxf2 Ng4+ 18. Kg3 Qf4+ 19. Kh4 Nf2+ 20. g4
Qxg4# 0-1

[Event "FIDE OPEN Stare Mesto 2021 A"]
[Site "Stare Mesto, CZE"]
[Date "2021.08.13"]
[Round "1.19"]
[White "Hurtak, Otto"]
[Black "Rybackova, Lucie"]
[Result "1-0"]
[WhiteElo "2015"]
[BlackElo "1534"]
[PlyCount "75"]
[EventDate "2021.08.13"]

1. e4 c5 2. d4 cxd4 3. c3 dxc3 4. Nxc3 Nc6 5. Nf3 d6 6. Bc4 e6 7. O-O Be7 8.
Qe2 Nf6 9. Rd1 Qb6 10. Bf4 e5 11. Be3 Qd8 12. b4 Bd7 13. a3 O-O 14. Rac1 Ng4
15. Bd2 Kh8 16. h3 Nf6 17. Bg5 a6 18. Qd2 Be6 19. Bxf6 gxf6 20. Nd5 Bxd5 21.
exd5 Na7 22. Bd3 Rg8 23. Nh4 Bf8 24. Nf5 Qd7 25. Rc4 Rg5 26. Qc2 Rc8 27. Rxc8
Nxc8 28. Ng3 Ne7 29. h4 Rg7 30. Nh5 e4 31. Bxe4 f5 32. Nxg7 fxe4 33. Nh5 Bg7
34. Nxg7 Kxg7 35. Qxe4 Ng6 36. Rd3 Qc7 37. Rg3 Kf8 38. Qe3 1-0

[Event "FIDE OPEN Stare Mesto 2021 A"]
[Site "Stare Mesto, CZE"]
[Date "2021.08.13"]
[Round "1.20"]
[White "Hyks, Jan"]
[Black "Vodak, Rostislav"]
[Result "0-1"]
[WhiteElo "1533"]
[BlackElo "1999"]
[PlyCount "118"]
[EventDate "2021.08.13"]

1. e4 c6 2. e5 d5 3. exd6 exd6 4. d4 Nf6 5. Nf3 Be7 6. c3 O-O 7. Bd3 Re8 8. O-O
Bg4 9. Nbd2 Nbd7 10. h3 Bh5 11. Re1 Qc7 12. Nf1 d5 13. Ng3 Bg6 14. Bxg6 hxg6
15. Qc2 Bd6 16. Nf1 Rxe1 17. Nxe1 Re8 18. Be3 Ne4 19. Nf3 Ndf6 20. N1d2 Qa5 21.
Nxe4 Nxe4 22. Nd2 Bb8 23. Nxe4 Rxe4 24. Qd2 Qc7 25. g3 Qe7 26. Kg2 f5 27. Rd1
Qe6 28. Qc1 Bc7 29. Rd3 Qf7 30. f3 Re8 31. Bf2 Re6 32. f4 Re4 33. Re3 Bd8 34.
Qd2 Qe6 35. Kf3 g5 36. Kg2 gxf4 37. gxf4 Bc7 38. Rxe4 fxe4 39. Be3 Qg6+ 40. Kh2
Qf5 41. Kg2 Qh5 42. Qf2 g6 43. Qg3 Kf7 44. Qg4 Qxg4+ 45. hxg4 Ke6 46. Kf2 Bd8
47. Kg3 Be7 48. Bd2 c5 49. Be3 c4 50. Bc1 b5 51. Bd2 Bd6 52. Kh4 Kf6 53. a3 g5+
54. fxg5+ Kg6 55. Be3 a5 56. Bd2 Be7 57. Bf4 b4 58. Bc1 bxa3 59. bxa3 a4 0-1

[Event "FIDE OPEN Stare Mesto 2021 A"]
[Site "Stare Mesto, CZE"]
[Date "2021.08.13"]
[Round "1.21"]
[White "Knotek, Josef"]
[Black "Kopecky, Matej"]
[Result "1/2-1/2"]
[WhiteElo "1949"]
[BlackElo "1532"]
[PlyCount "85"]
[EventDate "2021.08.13"]

1. d4 Nf6 2. Nf3 g6 3. c4 d6 4. Nc3 Bg7 5. Bg5 O-O 6. e3 Bf5 7. Bd3 Bxd3 8.
Qxd3 Nbd7 9. O-O e5 10. dxe5 Nxe5 11. Nxe5 dxe5 12. Qxd8 Raxd8 13. Nd5 Rd6 14.
Nxc7 Rc6 15. Bxf6 Rxc7 16. Bxg7 Kxg7 17. Rac1 Rfc8 18. b3 b5 19. Rc3 Kf6 20.
Rfc1 Rc5 21. Kf1 e4 22. Ke2 Ke5 23. Kd2 Rd8+ 24. Ke2 Rdc8 25. R3c2 f5 26. b4
Rxc4 27. Rxc4 bxc4 28. f4+ Kd5 29. Kd2 a5 30. Rb1 c3+ 31. Kc2 Kc4 32. bxa5 Rd8
33. Rb7 Rd2+ 34. Kc1 Kd3 35. a6 Rxa2 36. Rd7+ Kxe3 37. a7 Kxf4 38. Rxh7 e3 39.
Re7 g5 40. Kb1 Ra3 41. Kc2 g4 42. Kd3 Kg5 43. g3 1/2-1/2

[Event "FIDE OPEN Stare Mesto 2021 A"]
[Site "Stare Mesto, CZE"]
[Date "2021.08.13"]
[Round "1.22"]
[White "Hornak, Ondrej"]
[Black "Nytra, Petr"]
[Result "0-1"]
[WhiteElo "1525"]
[BlackElo "1941"]
[PlyCount "104"]
[EventDate "2021.08.13"]

1. Nf3 b6 2. g3 Bb7 3. Bg2 e6 4. c4 Nf6 5. Nc3 Bb4 6. Qc2 O-O 7. O-O d5 8. cxd5
exd5 9. d4 Re8 10. Re1 c5 11. Bg5 Nbd7 12. e3 h6 13. Bxf6 Nxf6 14. Red1 Rc8 15.
Qb3 cxd4 16. Nxd4 Bxc3 17. bxc3 Ne4 18. Rac1 Qf6 19. Rc2 h5 20. a4 h4 21. a5
hxg3 22. hxg3 Rxc3 23. Qa4 Rec8 24. Bxe4 dxe4 25. Rxc3 Rxc3 26. axb6 axb6 27.
Qd7 Ba6 28. Qe8+ Kh7 29. Qxe4+ g6 30. Qh4+ Qxh4 31. gxh4 Bd3 32. Rd2 b5 33. Rb2
Rc5 34. Kh2 Kg7 35. Kg3 Kf6 36. f4 Ke7 37. Nf3 f6 38. Rb3 Bc4 39. Rb4 Rd5 40.
Nd4 Kd6 41. Kf2 Kc5 42. Rb2 Bd3 43. Ke1 Kc4 44. Kd2 Be4 45. Kc1 b4 46. Nb3 Kc3
47. Nd2 Rxd2 48. Rxd2 b3 49. Rh2 f5 50. h5 gxh5 51. Rb2 Bc2 52. e4 fxe4 0-1

[Event "FIDE OPEN Stare Mesto 2021 A"]
[Site "Stare Mesto, CZE"]
[Date "2021.08.13"]
[Round "1.23"]
[White "Antal, Jakub"]
[Black "Kunc, Miroslav"]
[Result "1/2-1/2"]
[WhiteElo "1940"]
[BlackElo "1439"]
[PlyCount "26"]
[EventDate "2021.08.13"]

1. e4 e5 2. Bc4 Nf6 3. d3 h6 4. Nf3 Nc6 5. O-O Bc5 6. Nbd2 O-O 7. c3 d6 8. Re1
Be6 9. Bb3 Re8 10. Nf1 Bb6 11. Ng3 Bxb3 12. axb3 Qd7 13. Nf5 d5 1/2-1/2

[Event "FIDE OPEN Stare Mesto 2021 A"]
[Site "Stare Mesto, CZE"]
[Date "2021.08.13"]
[Round "1.24"]
[White "Rybacek, Martin"]
[Black "Balazec, Ludovit"]
[Result "0-1"]
[WhiteElo "1366"]
[BlackElo "1925"]
[PlyCount "106"]
[EventDate "2021.08.13"]

1. e4 c5 2. Nc3 a6 3. g3 b5 4. Bg2 Bb7 5. d3 b4 6. Nce2 e5 7. f4 d6 8. Nf3 Nc6
9. O-O Nf6 10. fxe5 dxe5 11. Be3 Be7 12. h3 O-O 13. Nc1 Nd7 14. Nb3 a5 15. Qe1
Ba6 16. Nbd2 Qc7 17. Nc4 Nd4 18. Bxd4 exd4 19. b3 Bxc4 20. bxc4 Ra6 21. Nh4 g6
22. Nf3 Bd6 23. Kh2 a4 24. Nd2 Kg7 25. Qf2 f5 26. Qe1 f4 27. gxf4 Bxf4+ 28. Kh1
Raf6 29. Nf3 a3 30. Qe2 g5 31. e5 Nxe5 32. Nxe5 Qxe5 33. Qxe5 Bxe5 34. Rxf6
Rxf6 35. Rf1 Bf4 36. Be4 h5 37. Bf3 Kg6 38. Be4+ Kh6 39. Bf3 Bd2 40. Bg2 Re6
41. Be4 Bf4 42. h4 Re5 43. Rf3 Re8 44. Rf1 Rf8 45. hxg5+ Kxg5 46. Bd5 h4 47.
Bg2 Kg4 48. Rf3 Re8 49. Rf1 Re3 50. Be4 Rh3+ 51. Kg2 Rh2+ 52. Kg1 Rxc2 53. Ra1
Rc1+ 0-1

[Event "FIDE OPEN Stare Mesto 2021 A"]
[Site "Stare Mesto, CZE"]
[Date "2021.08.13"]
[Round "1.25"]
[White "Krizek, Frantisek"]
[Black "Bambuch, Tomas"]
[Result "0-1"]
[WhiteElo "1921"]
[BlackElo "1337"]
[PlyCount "54"]
[EventDate "2021.08.13"]

1. c4 Nf6 2. Nc3 g6 3. d4 Bg7 4. e4 d6 5. f3 O-O 6. Be3 Nc6 7. Qd2 e5 8. d5 Ne7
9. Nge2 Nd7 10. g4 f5 11. gxf5 gxf5 12. Bg5 Nf6 13. Rg1 Kh8 14. Bh6 Ng6 15.
Bxg7+ Kxg7 16. exf5 Bxf5 17. Ng3 Bd7 18. h4 Kh8 19. Qg5 Rf7 20. h5 Nf4 21. h6
Qe7 22. Qh4 Rg8 23. Qh2 Rg6 24. O-O-O Qf8 25. Rh1 Ng8 26. Qf2 Nxh6 27. Nge4 Nf5
0-1

[Event "FIDE OPEN Stare Mesto 2021 A"]
[Site "Stare Mesto, CZE"]
[Date "2021.08.13"]
[Round "1.26"]
[White "Kosata, Jiri"]
[Black "Uricar, Zdenek"]
[Result "0-1"]
[WhiteElo "1325"]
[BlackElo "1917"]
[PlyCount "80"]
[EventDate "2021.08.13"]

1. c4 Nf6 2. Nf3 e6 3. g3 d5 4. cxd5 exd5 5. Bg2 Be7 6. O-O O-O 7. d4 c6 8. Nc3
Bf5 9. Qb3 Qb6 10. Nd2 Nbd7 11. Re1 Rfe8 12. e3 Bb4 13. Na4 Qa5 14. Nc3 Nb6 15.
Ndb1 Rad8 16. Bd2 Nc4 17. Rd1 Bg4 18. Rc1 Bf5 19. Be1 b5 20. Nd2 Bd6 21. Ncb1
Qb6 22. Bf1 Rb8 23. Bd3 Bxd3 24. Qxd3 Nxb2 25. Qc2 Nc4 26. Nxc4 bxc4 27. Nd2
Qb2 28. Qa4 Qb5 29. Qd1 Qa6 30. Qc2 Rb7 31. Rcb1 Reb8 32. Rxb7 Rxb7 33. Rb1
Rxb1 34. Nxb1 Ne4 35. Bc3 h6 36. Qb2 Qb5 37. Qa1 Bb4 38. a3 Ba5 39. a4 Qb6 40.
Bb2 Qb3 0-1

[Event "FIDE OPEN Stare Mesto 2021 A"]
[Site "Stare Mesto, CZE"]
[Date "2021.08.13"]
[Round "1.27"]
[White "Matus, Filip"]
[Black "Hobza, Radek"]
[Result "1-0"]
[WhiteElo "1903"]
[BlackElo "1323"]
[PlyCount "77"]
[EventDate "2021.08.13"]

1. e4 c5 2. Nf3 d6 3. d4 cxd4 4. Nxd4 Nf6 5. Nc3 g6 6. Be3 Bg7 7. Be2 O-O 8.
O-O Nc6 9. Qd2 Bd7 10. Rac1 Rc8 11. f3 a6 12. Rfd1 Nxd4 13. Bxd4 b5 14. a3 Qc7
15. Kh1 Qb7 16. Nb1 Be6 17. Bf1 Bc4 18. Qf2 Rc6 19. Nd2 Bxf1 20. Rxf1 Rfc8 21.
c3 a5 22. Nb3 Qa8 23. Be3 e5 24. Rfd1 a4 25. Na1 Nd7 26. Nc2 Bf8 27. Nb4 Rc4
28. Nd5 f5 29. Qh4 Qb7 30. Bh6 Nc5 31. Bxf8 Rxf8 32. Ne3 Nxe4 33. Nxc4 g5 34.
Qe1 bxc4 35. fxe4 fxe4 36. Rxd6 Qxb2 37. Qd2 Qxa3 38. Qxg5+ Kh8 39. Rd7 1-0

[Event "FIDE OPEN Stare Mesto 2021 A"]
[Site "Stare Mesto, CZE"]
[Date "2021.08.13"]
[Round "1.28"]
[White "Soucek, Andrej"]
[Black "Mostek, Jan"]
[Result "0-1"]
[WhiteElo "1318"]
[BlackElo "1898"]
[PlyCount "52"]
[EventDate "2021.08.13"]

1. e4 e6 2. d3 d5 3. Nd2 Nf6 4. g3 Be7 5. Bg2 c5 6. Ngf3 Nc6 7. O-O Qc7 8. Re1
O-O 9. Nf1 dxe4 10. dxe4 b5 11. e5 Nd5 12. Ne3 Rd8 13. Qe2 Rb8 14. Nxd5 Rxd5
15. Bf4 Ba6 16. Rad1 Rbd8 17. Rxd5 Rxd5 18. Ng5 Rd8 19. Qe4 Bxg5 20. Bxg5 Ne7
21. Bxe7 Qxe7 22. Qc6 Bc8 23. Qxb5 Rd2 24. Qb8 Qd7 25. Qb3 Qd4 26. Qb8 Qxf2+
0-1

[Event "FIDE OPEN Stare Mesto 2021 A"]
[Site "Stare Mesto, CZE"]
[Date "2021.08.13"]
[Round "1.29"]
[White "Krupica, Pavel"]
[Black "Tomecek, Marian"]
[Result "0-1"]
[WhiteElo "1897"]
[BlackElo "1310"]
[PlyCount "64"]
[EventDate "2021.08.13"]

1. e4 d5 2. exd5 Nf6 3. d4 Nxd5 4. c4 Nf6 5. Nc3 e6 6. Nf3 Be7 7. Be3 O-O 8.
Bd3 Nbd7 9. O-O b6 10. Qc2 Bb7 11. Ne5 g6 12. Rad1 Bd6 13. Bg5 Be7 14. Rfe1 Nh5
15. Bh6 Ng7 16. Re3 Bg5 17. Bxg7 Kxg7 18. Rg3 Nxe5 19. dxe5 Qe7 20. Re1 Rad8
21. Qe2 Bf4 22. Rh3 Qg5 23. g3 Bd2 24. Rf1 Bxc3 25. f4 Bd4+ 26. Rf2 Qe7 27. g4
Bxf2+ 28. Kxf2 Qc5+ 29. Kf1 Qc6 30. Rg3 Qh1+ 31. Rg1 Qf3+ 32. Ke1 Qxd3 0-1